[Event "Your Next Move GCT 2018-Blitz"]
[Site "Leuven"]
[Date "2018.06.16"]
[Round "11"]
[White "Caruana, Fabiano"]
[Black "Grischuk, Alexander"]
[Result "1-0"]
[WhiteElo "2818"]
[BlackElo "2831"]
[Annotator "TA"]
[PlyCount "85"]
[EventDate "2018.06.16"]
[EventType "tourn"]
[EventCountry "BEL"]
[SourceTitle "playchess.com"]
[Source "ChessBase"]
[SourceQuality "1"]

{[%evp 9,85,20,13,21,11,9,30,25,23,20,49,63,54,-23,-29,-36,-15,-29,-29,-27,-18,-13,-18,-22,-19,-37,-32,-18,-33,-60,-10,-14,0,0,0,0,0,-31,0,-51,0,-1,0,-10,5,0,2,0,19,20,25,43,29,35,88,83,84,71,35,35,75,75,160,56,130,135,133,122,584,566,543,381,1213,1168,1407,1154,1564,1488]} 1. e4 c5 2. Nc3 d6 3. Nge2 Nf6 4. h3 (4. d4 cxd4 5. Nxd4 a6 6. h3 e6 7. g4 Nfd7 8. g5 Nc6 9. h4 Qb6 10. Nb3 Qc7 11. f4 b5 12. Be3 Nb6 13. Bd3 Be7 14. Qe2 Rb8 15. O-O {½-½ (31) Vallejo Pons,F (2709)-Zhao,J (2601) China 2018}) (4. g3 g6 5. Bg2 Bg7 6. d3 Nc6 7. O-O Rb8 8. a3 O-O 9. Rb1 Ne8 10. b4 Nc7 11. Be3 Nd4 12. Qd2 e5 13. bxc5 dxc5 14. Nd5 Nxd5 15. exd5 Bg4 16. Nxd4 cxd4 {1-0 (26) Caruana,F (2799)-Grischuk,A (2782) Saint Louis 2017}) 4... g6 5. g4 Bg7 6. Bg2 {B23: Closed Sicilian: Lines without g3} Nc6 $146 ({Predecessor:} 6... O-O 7. d3 Nc6 8. Be3 Rb8 9. Qd2 b5 10. Bh6 Nd4 11. Bxg7 Kxg7 12. Nxd4 cxd4 {1-0 (47) Royset,J (2270)-Jaeger,F (2020) Tromsoe 1997}) 7. d3 Rb8 8. a4 {White has an edge.} a6 9. O-O b5 10. axb5 axb5 11. Be3 (11. f4 $14 Bb7 12. Nxb5) 11... b4 $11 12. Nd5 h5 13. g5 Nxd5 14. exd5 Nd4 15. Nxd4 cxd4 16. Bd2 b3 17. cxb3 Bf5 18. Re1 O-O 19. Kh2 Re8 20. Ra3 e6 21. dxe6 fxe6 22. b4 d5 23. Qf3 Qd6+ 24. Qg3 ({White should play} 24. Kg1 $11) 24... Qxg3+ (24... Bf8 $1 $15) 25. Kxg3 Rec8 26. Rb3 Rc2 27. Bf4 Rb5 28. Bd6 h4+ 29. Kxh4 Rxf2 30. Kg3 Rd2 31. Bf1 Bf8 (31... Rc2 $1 $14) 32. Bxf8 $16 Kxf8 33. Kf4 $1 Ke7 34. Ke5 Rf2 35. Ra1 Rf3 (35... Kd7 $142) 36. h4 (36. Ra7+ $16 Kd8 37. Kd6 Rb6+ 38. Kc5) 36... Re3+ ({Better is} 36... Kd7 $14) 37. Kxd4 Rg3 {[#]} 38. Ra5 $1 {[%cal Ra5b5]} Rb6 $2 {[%mdl 8192] [#]} (38... Rb7 $16 {is a better chance.}) 39. Kc5 $1 $18 Rb7 40. b5 {[%cal Bb4b5,Bb5b6][%mdl 32]} Rg1 $2 (40... Rc7+ 41. Kb6 Rc1) 41. b6 {White is clearly winning.} Rxf1 42. Ra7 Rc1+ 43. Rc3 {Precision: White = 65%, Black = 31%.} 1-0

[Event "Your Next Move GCT 2018-Blitz"]
[Site "Leuven"]
[Date "2018.06.16"]
[Round "11"]
[White "Karjakin, Sergey"]
[Black "Nakamura, Hikaru"]
[Result "1/2-1/2"]
[WhiteElo "2816"]
[BlackElo "2878"]
[Annotator "TA"]
[PlyCount "202"]
[EventDate "2018.06.16"]
[EventType "tourn"]
[EventCountry "BEL"]
[SourceTitle "playchess.com"]
[Source "ChessBase"]
[SourceQuality "1"]

{[%evp 20,202,36,25,38,40,37,26,65,48,48,39,46,25,41,41,33,29,39,47,38,45,210,47,59,22,18,19,25,21,22,15,17,14,10,11,12,0,0,0,0,0,0,-14,0,0,8,1,1,0,12,15,13,0,5,0,8,7,19,9,9,9,75,75,86,78,124,127,130,130,119,130,138,138,221,175,277,255,271,206,200,147,136,109,141,122,127,120,123,101,157,157,148,136,141,0,126,101,109,94,91,0,116,119,145,159,226,206,350,141,141,141,141,141,141,141,306,141,333,333,570,540,576,520,576,572,336,62,58,27,31,31,31,0,0,0,0,0,7,0,0,0,7,7,7,8,8,8,8,8,8,0,0,0,0,0,0,0,8,0,0,0,0,0,0,0,0,0,0,0,0,0,0,0,0,0,0,0,0,0,0,0,0,0,0]} 1. e4 e5 2. Nf3 Nc6 3. Bb5 Nf6 4. O-O Nxe4 5. Re1 Nd6 6. Nxe5 Be7 7. Bf1 Nf5 {C67: Spanische Partie (Berliner Verteidigung)} 8. Nf3 d5 9. d4 O-O 10. c3 Re8 (10... Bd6 11. b3 Re8 12. Rxe8+ Qxe8 13. Na3 a6 14. Nc2 Bd7 15. c4 dxc4 16. bxc4 {1-0 (56) Karjakin,S (2773)-Nakamura,H (2792) Saint Louis 2017}) 11. g3 {LiveBook: 3 Partien} Nd6 $146 ({Vorgänger:} 11... Bd6 12. Rxe8+ Qxe8 13. Nbd2 f6 14. Bg2 Qf7 15. Nf1 {½-½ (53) Kobalia,M (2651)-Kramnik,V (2784) Tromsoe 2013}) 12. Bf4 Ne4 13. Nbd2 Bf5 14. Nxe4 Bxe4 15. Nd2 Bf5 $1 16. Bg2 Be6 17. Qb3 b6 18. Re2 Bd6 19. Bxd6 ({Nur nicht} 19. Bxd5 $2 Na5 $19) 19... Qxd6 20. Rae1 Rf8 $2 {[#]} (20... Rad8 $14) 21. Nf3 $2 ({Der einzige Zug:} 21. Rxe6 $1 $18 {[%mdl 512]} fxe6 (21... Qxe6 22. Rxe6) 22. Rxe6 $1 {[%mdl 512]}) 21... h6 $14 22. Ne5 Nxe5 23. Rxe5 Rad8 24. h4 c6 25. Kh2 Bd7 26. Qa4 a5 27. Qb3 b5 28. a4 Rb8 29. axb5 Rxb5 30. Qa2 Rfb8 31. R5e2 Be6 32. Rd2 c5 33. Qa3 Qc7 34. dxc5 Rb3 35. Qa1 Qxc5 36. Bh3 R3b6 37. Ree2 Bxh3 38. Kxh3 Qc8+ 39. Kg2 Rb5 40. Qa4 Rc5 (40... Qc6 $11) 41. Re7 $16 Qf5 42. Rde2 Rcb5 43. Re8+ Kh7 44. Rxb8 $1 Rxb8 45. Qxa5 {[%mdl 4096] Endspiel KDT-KDT} Qd3 46. Re3 Qd2 (46... Qc4 $16 47. Qa7 Rxb2 48. Qxf7 Rb8) 47. b4 $18 d4 (47... Rc8 $142 48. Qa1 Qc2) 48. Qf5+ $1 Kg8 49. Re7 Rf8 50. cxd4 Qxb4 51. Rd7 Qb6 52. Qd5 Qf6 53. Ra7 Qd8 54. Qe4 Re8 (54... g6 $142 55. d5 Qd6) 55. Qc6 $16 Qc8 56. Qf3 Rf8 57. Qd5 ({Lieber} 57. h5 $16) 57... Qe6 (57... Qd8 $1 $11 58. Qc5 Qf6) 58. Qb7 Qd6 59. Qe4 Qe6 60. Qf3 (60. Qxe6 $16 fxe6 61. Rd7) 60... Qd6 (60... Qc8 $1 $11) 61. d5 g6 {[#]} 62. h5 $1 g5 {[#]} (62... Qe5 $16 63. Ra6 Kg7 64. hxg6 fxg6) 63. Qf5 $1 $18 Kg7 (63... Qc5 $142 64. Rd7 Qb6) 64. Rd7 (64. Qe6 $18 Qxe6 65. dxe6) 64... Qf6 $16 65. Qxf6+ Kxf6 {KT-KT} 66. Rd6+ Kg7 67. Kf3 Ra8 $2 (67... Re8 $16 68. g4 Rb8) 68. Rc6 (68. Ke4 $18 {und Weiss behält klar die Oberhand.}) 68... Ra2 $2 (68... Re8 $16 69. g4 Re5) 69. Ke3 $18 Ra3+ $2 (69... g4 {war nötig.} 70. d6 Ra1) 70. Ke4 Ra2 71. f4 gxf4 72. gxf4 Rh2 73. d6 $2 (73. Ke5 $18) 73... Kf6 $1 $14 74. d7+ Ke7 75. Rd6 {[%cal Rd7d8]} ({Finger weg von} 75. Rxh6 $6 Kxd7 76. Kf5 Ke7 $16) 75... Kd8 76. Rxh6 (76. Rd5 {seems wilder.} Rh3 77. Kd4 Rh4 78. Ke3 f5 79. Rxf5 Kxd7 80. Re5) 76... Kxd7 {Die Stellung ist ausgeglichen.} 77. Kf5 Ke7 78. Rh8 Ra2 79. h6 Ra5+ 80. Kg4 Ra1 81. Rb8 Rg1+ 82. Kf5 {Droht Matt per h7.} Rh1 83. Rb6 {und nun wäre Ta6 stark für Weiss.} Kf8 84. Ke5 {Droht Ta6.} Kg8 85. f5 Kh7 86. Rb7 Ra1 87. Kf6 (87. Rxf7+ Kxh6 88. Rd7 Ra5+ 89. Rd5 Ra1 $14) 87... Kxh6 88. Kxf7 Kh7 89. f6 Ra8 90. Rd7 Rb8 91. Ra7 {Te7 ist eine echte Drohung.} (91. Rd2 {is interesting.} Rb7+ 92. Ke6 Rb6+ 93. Rd6 Rb8 94. Ke7) 91... Rc8 92. Ke6+ (92. Ra2 {looks sharper.} Rc7+ 93. Ke8 Rb7 94. Ra8 Kg8 95. Ra1) 92... Kg8 93. Ke7 Rb8 94. Rd7 {Droht Ta7 und aus.} Ra8 95. Rc7 {Droht stark Tb7.} Rb8 96. Ra7 Rc8 97. Ke6 Rc6+ 98. Ke7 {Weiss will mit f7+ Matt setzen.} Rc8 99. Ra1 {jetzt f7+ und aus.} Rc7+ 100. Ke8 {Und Tg1+ würde nun gewinnen.} Rc8+ 101. Kd7 Rc2 {Precision: Weiß = 49%, Schwarz = 49%.} 1/2-1/2

[Event "Your Next Move GCT 2018-Blitz"]
[Site "Leuven"]
[Date "2018.06.16"]
[Round "11"]
[White "Mamedyarov, Shakhriyar"]
[Black "Anand, Viswanathan"]
[Result "1/2-1/2"]
[WhiteElo "2757"]
[BlackElo "2817"]
[Annotator "TA"]
[PlyCount "90"]
[EventDate "2018.06.16"]
[EventType "tourn"]
[EventCountry "BEL"]
[SourceTitle "playchess.com"]
[Source "ChessBase"]
[SourceQuality "1"]

{[%evp 16,90,27,0,23,26,24,14,20,0,0,0,0,-8,0,-28,-30,-26,-38,-47,-33,-34,-15,-19,-33,-36,-46,-29,-29,-45,0,-21,0,-22,-24,-27,-18,-37,-37,-40,-42,-73,-66,-50,-28,-86,-66,-116,-114,-405,-68,-68,-68,-68,-63,-89,-36,-36,-22,-23,-25,-36,-23,-58,-29,-29,0,0,0,0,0,0,0,0,0,0,0]} 1. d4 Nf6 2. c4 e6 3. Nc3 Bb4 4. Qc2 d5 5. a3 Bxc3+ 6. Qxc3 dxc4 7. Qxc4 b6 {E36: Nimzo-Indian: Classical: 4...d5 5 a3} 8. Nf3 Ba6 9. Qc2 {LiveBook: 15 Games} (9. Qa4+ Qd7 10. Qc2 Qc6 11. Qxc6+ Nxc6 12. Bf4 O-O-O 13. Rc1 Kb7 14. g3 Rhe8 15. Bg2 {0-1 (42) Akobian,V (2647)-Anand,V (2782) Riadh 2017}) 9... h6 10. Bf4 O-O 11. Rd1 Nbd7 12. g3 $146 ({Predecessor:} 12. Ne5 Qe8 13. Nc4 Nd5 14. Bg3 f5 15. e3 {1-0 (52) Sergiev,S (2341)-Rosenhek,M (2149) ICCF email 2010}) 12... Rc8 13. Bg2 Nd5 14. O-O c5 15. Bd6 cxd4 16. Qd2 {[#]} d3 $1 {[%mdl 512]} 17. exd3 Re8 18. Rc1 Qf6 19. Rfe1 Rxc1 20. Qxc1 Rc8 21. Qd2 Qf5 22. Rd1 Bb7 23. Re1 Qf6 24. Ne5 Nxe5 25. Bxe5 Qg5 $36 {[%mdl 2048] Black fights for an advantage.} 26. f4 Qd8 27. b4 Qd7 28. Qb2 f6 29. Bd4 Ba8 30. h4 (30. Bf2 $11) 30... Nc7 31. Bh3 Rd8 32. Bxf6 $2 {[%mdl 8192]} (32. Rc1 $17) 32... gxf6 $2 ({Black should try} 32... Qxd3 $19 33. Bxd8 Qxg3+ 34. Bg2 Qxe1+ 35. Kh2 Bxg2 36. Kxg2 Nd5) 33. Qxf6 $15 Qd4+ 34. Qxd4 Rxd4 35. Bxe6+ Nxe6 ({Better is} 35... Kg7 $17 36. Bc4 Kf6) 36. Rxe6 {[%mdl 4096] [#] Endgame Hoping for Re8+. KRB-KR} Bd5 37. Rxh6 Rxd3 38. Rg6+ Kf7 39. h5 Rxa3 40. f5 Be4 41. g4 {The position is equal.} Rf3 42. h6 Bxf5 43. Rg7+ Kf6 {aiming for ...Rg3+.} 44. gxf5 Rh3 45. Rxa7 {Ra6 is the strong threat.} Rxh6 {Precision: White = 43%, Black = 52%.} 1/2-1/2

[Event "Your Next Move GCT 2018-Blitz"]
[Site "Leuven"]
[Date "2018.06.16"]
[Round "12"]
[White "Nakamura, Hikaru"]
[Black "Vachier-Lagrave, Maxime"]
[Result "0-1"]
[WhiteElo "2878"]
[BlackElo "2837"]
[Annotator "TA"]
[PlyCount "84"]
[EventDate "2018.06.16"]
[EventType "tourn"]
[EventCountry "BEL"]
[SourceTitle "playchess.com"]
[Source "ChessBase"]
[SourceQuality "1"]

{[%evp 11,84,22,22,24,26,10,12,12,28,22,37,21,64,51,56,58,79,64,82,56,60,48,58,55,69,73,80,87,79,81,179,117,156,77,120,103,132,116,126,10,10,4,18,0,4,4,7,-18,-21,-82,-96,-127,-104,-334,-339,-491,-546,-537,-529,-504,-468,-685,-700,-664,-541,-484,-233,-214,-210,-218,-185,-340,-308,-1119,-1097]} 1. e4 c5 2. Nf3 d6 3. Nc3 Nf6 4. h3 e5 5. Bc4 Be7 6. d3 Nc6 7. O-O {B30: Sicilian: 2...Nc6 3 Bb5, lines without ...g6} O-O 8. Bd2 Na5 $146 ({Predecessor:} 8... Be6 9. Nd5 Nd4 10. Ne3 b5 11. Bxe6 fxe6 {0-1 (11) Tritt,M (2621)-Starke,R (2666) ICCF email 2010}) 9. Qe2 {The position is equal.} Nxc4 10. dxc4 Be6 11. Rad1 Qc7 12. Bg5 Ne8 13. b3 h6 14. Bxe7 Qxe7 15. Rd3 a6 16. a4 Rc8 17. Rfd1 Rc6 18. Nh2 f5 19. exf5 $1 Bxf5 20. Nd5 Qe6 (20... Qd8 $16 {was necessary.}) 21. Rf3 (21. Re3 $1 $18) 21... Rc8 22. Nf1 ({White should play} 22. g4 $1 {[%cal Rg4f5]} Bh7 23. Rxf8+ Kxf8 24. f4) 22... Bg6 23. Nf4 Rxf4 24. Rxf4 Bxc2 25. Rc1 (25. Re1 $1 $16 Bxb3 26. Qf3 Bxa4 27. Rf8+ (27. Qxb7 a5 $11) 27... Kh7 28. Qe4+ (28. Qxb7 Bc6 $14) 28... g6 29. Qxb7+ Bd7 30. Ne3) 25... Bxb3 $11 26. a5 Ba4 27. Rg4 Nf6 {[%cal Be8f6,Bf6h5,Bh5g3][%mdl 32]} 28. Rg3 Bc6 29. Ne3 Rf8 30. Nd1 (30. Re1 $11 {keeps the balance.}) 30... Qf7 $17 31. Rd3 {[#]} Nh5 $1 {Hoping for ...Qg6.} 32. g3 $2 (32. Qd2 $17 {is a better defense.}) 32... Qg6 $19 33. Rd2 (33. Re3 $142 Nf4 34. Qg4 Qxg4 35. hxg4) 33... Rf3 (33... Nxg3 $2 34. Qg4 $19) 34. Rd5 Bxd5 35. cxd5 {[#]} Nxg3 $1 36. fxg3 (36. Qxf3 $142 Ne2+ 37. Kf1 Nxc1 38. Ne3) 36... Qxg3+ (36... Rxg3+ $2 37. Kh2 $19) 37. Qg2 Qe1+ 38. Kh2 Qe4 $40 {[%mdl 128] Black attacks with force.} (38... e4 $142 39. Rc4 Qxd1 40. Rxe4 Kf8) 39. Rc4 Qxd5 ({But not} 39... Qxc4 40. Qxf3 Qa2+ 41. Nf2 $17) 40. Rg4 {[#]} g5 $1 ({Weaker is} 40... Qxd1 41. Rxg7+ Kf8 42. Rxb7 $11) 41. Nc3 $2 (41. Rg3 e4 42. Nc3) 41... Qf7 42. Rg3 $2 (42. Nd1) 42... Rf2 {Precision: White = 37%, Black = 60%.} 0-1

[Event "Your Next Move GCT 2018-Blitz"]
[Site "Leuven"]
[Date "2018.06.16"]
[Round "12"]
[White "Grischuk, Alexander"]
[Black "Mamedyarov, Shakhriyar"]
[Result "1-0"]
[WhiteElo "2831"]
[BlackElo "2757"]
[Annotator "TA"]
[PlyCount "115"]
[EventDate "2018.06.16"]
[EventType "tourn"]
[EventCountry "BEL"]
[SourceTitle "playchess.com"]
[Source "ChessBase"]
[SourceQuality "1"]

{[%evp 12,115,26,25,37,27,39,32,51,12,54,42,54,33,42,35,40,32,29,30,58,55,50,62,59,61,54,60,56,37,44,29,83,74,122,125,219,80,81,57,192,168,155,145,208,181,179,180,183,99,115,97,104,95,91,79,333,139,143,135,218,143,265,261,234,204,552,552,552,337,552,548,520,510,1656,1617,1584,1572,1547,1519,1289,1108,5398,4400,5089,1233,5535,5535,29944,6119,29975,29974,29977,29978,29978,29978,29978,12740,29981,29982,29982,29983,29982,29983,29983,29983]} 1. e4 e5 2. Nf3 Nc6 3. Bb5 g6 4. d4 exd4 5. c3 a6 6. Bc4 {C60: Ruy Lopez: Unusual Black 3rd moves and 3...g6} Bg7 7. cxd4 {LiveBook: 11 Games} d6 (7... b5 8. Bb3 Nge7 9. Nc3 Na5 10. Bc2 d6 11. h3 O-O 12. O-O Bb7 13. Re1 {½-½ (41) Hamdouchi,H (2580)-Malakhov,V (2691) Brest 2018}) 8. O-O {White is slightly better.} Nf6 9. Nc3 O-O 10. d5 $146 ({Predecessor:} 10. h3 b5 11. Bb3 Na5 12. e5 dxe5 13. dxe5 Qxd1 14. Rxd1 Nxb3 15. axb3 {½-½ (24) Janisch,M (2399)-Morley,P (2362) ICCF email 2016}) 10... Ne5 (10... Na5 {is more complex.} 11. Bd3 c5 12. Bg5 h6 13. Be3 b5) 11. Nxe5 dxe5 12. Be3 Ne8 13. Rc1 Nd6 14. Be2 f5 15. f3 h5 16. exf5 Bxf5 17. Bd3 Kh7 18. Ne4 Bxe4 19. Bxe4 Rf7 20. Qd2 Qd7 21. Qd3 Nf5 (21... Nxe4 $11 {keeps the balance.} 22. fxe4 (22. Qxe4 Qd6 $14) 22... Raf8) 22. Bf2 Qb5 23. Rc4 Bf8 (23... Qd7 $16 {was worth a try.} 24. Rfc1 Rc8) 24. a4 (24. g4 $18 Qd7 25. f4 (25. gxf5 gxf5 26. f4 fxe4 $16) 25... exf4 26. gxf5 gxf5 27. Bf3) 24... Qd7 $16 25. g4 {Threatens to win with f4.} hxg4 ({Better is} 25... Kh8 $1 $14) 26. fxg4 $18 Ne7 27. h3 Rd8 (27... Bh6 $16 28. Rd1 Raf8) 28. Bh4 $36 {[%mdl 2048] Black is under strong pressure.} Rf4 29. Rxf4 exf4 30. Bxe7 (30. d6 $18 cxd6 31. Bxe7 Qxe7 32. Bxg6+ Kg8 33. Rxf4) 30... Bxe7 31. Bxg6+ Kg7 32. Rxf4 {Intending Rf7+ and mate.} Bc5+ 33. Kf1 Rf8 $2 {[%mdl 8192] [#]} (33... Qxd5 $16 34. Rf3 Qg5) 34. Rxf8 (34. Bf5 $1 $18 {is the precise move to win. Qc3+ is the strong threat.} Qe7 35. Qc3+ Kg8 {[#]} 36. h4 $1 {[%mdl 512]}) 34... Bxf8 $16 35. Bf5 Qd6 (35... Qxa4 $16 36. Qc3+ Kf7 37. Qxc7+ Be7) 36. Qd4+ Kf7 (36... Qf6 $16 37. Qxf6+ Kxf6) 37. Be6+ $18 Ke8 38. Qf6 c6 $2 (38... Be7 {is tougher.} 39. Qf7+ Kd8) 39. Bf7+ Kd7 40. Qe6+ Kc7 $2 (40... Qxe6 {is a better defense.} 41. Bxe6+ Kd6 42. dxc6 bxc6) 41. Qxd6+ Kxd6 42. dxc6 bxc6 {[%mdl 4096] Endgame KB-KB} (42... Kxc6 $142 43. h4 Kd6) 43. Kf2 Ke5 44. Kg3 Bd6 45. Be8 c5 46. Kh4 c4 47. Bf7 Kd4 48. Kg5 (48. g5 $142 Be5 49. Kg4) 48... Kd3 49. h4 {[%cal Bh3h4,Bh4h5,Bh5h6][%mdl 32]} Be7+ 50. Kh5 Bf6 51. g5 Bxb2 52. Kg4 c3 53. Bg6+ Kd2 54. h5 c2 {[#]} 55. Bxc2 $1 {[%mdl 512] White mates.} Kxc2 56. h6 Bc1 57. Kh5 Kb3 58. g6 {Precision: White = 49%, Black = 26%.} 1-0

[Event "Your Next Move GCT 2018-Blitz"]
[Site "Leuven"]
[Date "2018.06.16"]
[Round "12"]
[White "Anand, Viswanathan"]
[Black "So, Wesley"]
[Result "1/2-1/2"]
[WhiteElo "2817"]
[BlackElo "2856"]
[Annotator "TA"]
[PlyCount "85"]
[EventDate "2018.06.16"]
[EventType "tourn"]
[EventCountry "BEL"]
[SourceTitle "playchess.com"]
[Source "ChessBase"]
[SourceQuality "1"]

{[%evp 12,85,0,1,14,6,17,9,11,4,12,5,0,5,35,24,42,31,35,27,64,60,70,35,76,47,48,49,93,101,96,17,14,9,0,7,6,0,0,-16,0,-7,0,0,0,0,26,16,12,16,7,23,34,0,0,0,0,0,0,-11,95,0,0,-4,0,-14,0,0,0,0,0,0,0,0,0,0]} 1. e4 e5 2. Nf3 Nc6 3. Bb5 a6 4. Ba4 Nf6 5. d3 {[%cal Bd2d3,Bd3d4][%mdl 32]} Bc5 6. c3 b5 7. Bc2 {LiveBook: 6 Games} d6 {C77: Ruy Lopez: 3...a6 4 Ba4 Nf6, unusual lines} 8. h3 h6 9. O-O O-O 10. d4 Bb6 11. Be3 Re8 12. Nbd2 {[%cal Bb1d2,Bd2f1,Bf1g3][%mdl 32]} Qe7 $146 ({Predecessor:} 12... Bb7 13. Re1 exd4 14. cxd4 Nb4 15. e5 Nxc2 16. Qxc2 {1-0 (55) Agrest,E (2571)-Almasi,Z (2640) Bastia 2005}) 13. Re1 Rb8 14. Nf1 Qf8 15. Ng3 Bb7 16. a3 Rbd8 17. Qb1 Nb8 18. b4 Nbd7 19. a4 d5 20. dxe5 Nxe5 21. Nxe5 ({White should try} 21. Bxb6 $16 cxb6 22. axb5 axb5 23. Nxe5 Rxe5 24. f4 Rxe4 25. Nxe4 (25. Bxe4 dxe4 26. Qc2 g6 $14) 25... dxe4 26. Qc1) 21... Bxe3 $11 22. Rxe3 {[#] Nd3 is the strong threat.} Rxe5 23. f4 Ree8 24. e5 d4 $1 {[%cal Rd4e3]} 25. cxd4 Rxd4 26. axb5 axb5 27. Rb3 $1 Nd5 28. Be4 Rb8 29. Qb2 Rc4 30. Qd2 $36 {[%mdl 2048] White has some pressure.} Nxb4 31. Bxb7 Rxb7 32. Nf5 (32. Nh5 $5 {[%cal Rb3g3]} Nc2 33. Ra6 $15) 32... Rb8 33. Rg3 g6 {White must now prevent ...Rd8.} 34. e6 Qc5+ 35. Ne3 Qd4 {[#]} (35... Rxf4 $11 {keeps the balance.} 36. exf7+ Kh7) 36. Qxd4 (36. Rd1 $1 $16 Qxd2 37. Rxd2 Rxf4 38. e7) 36... Rxd4 {The position is equal.} 37. f5 {Threatens to win with exf7+.} g5 38. Ra7 Rc8 39. Rb7 Nd5 40. Rxb5 fxe6 41. fxe6 Nxe3 42. Rxe3 Re8 43. Rc5 {Precision: White = 58%, Black = 33%.} 1/2-1/2

[Event "Your Next Move GCT 2018-Blitz"]
[Site "Leuven"]
[Date "2018.06.16"]
[Round "12"]
[White "Aronian, Levon"]
[Black "Karjakin, Sergey"]
[Result "1/2-1/2"]
[WhiteElo "2809"]
[BlackElo "2816"]
[Annotator "TA"]
[PlyCount "65"]
[EventDate "2018.06.16"]
[EventType "tourn"]
[EventCountry "BEL"]
[SourceTitle "playchess.com"]
[Source "ChessBase"]
[SourceQuality "1"]

{[%evp 22,65,12,-7,0,0,0,-25,-12,-34,0,0,0,-12,41,-32,-29,-19,-21,-22,-17,-28,0,-7,-12,-4,0,-6,0,0,0,0,0,0,-8,-21,0,-78,-80,-67,-29,-73,0,-75,0,-55]} 1. e4 e5 2. Nf3 Nc6 3. Bc4 Bc5 4. O-O Nf6 5. d3 d6 6. c3 a6 7. Nbd2 O-O 8. Bb3 Re8 {C54: Giuoco Piano: 4 c3 Nf6, main lines with 5 d4 and 5 d3} (8... Ba7 9. h3 Re8 10. Re1 Be6 11. Bc2 h6 12. Nf1 d5 13. exd5 Bxd5 14. Ng3 Qd7 15. Ne4 Nxe4 16. dxe4 Be6 17. Qxd7 Bxd7 18. a4 f6 19. Nd2 Be6 {½-½ (33) Onischuk,V (2637)-Anand,V (2782) Riadh 2017}) 9. h3 h6 10. Re1 Be6 11. Bc2 d5 12. Qe2 {LiveBook: 6 Games} dxe4 13. dxe4 Nh5 14. Nf1 $146 ({Predecessor:} 14. Nb3 Ng3 15. Qd1 Bb6 16. Be3 Bxe3 17. Rxe3 Nh5 18. Nc5 Nf4 19. Qxd8 Raxd8 20. Nxb7 {1-0 (20) Kyas,J (2240)-Christiansmeier,S (2044) Seefeld 2005}) 14... Qf6 15. N3h2 Qh4 16. Qf3 Rad8 17. Ne3 Nf4 (17... Bb6 $11) 18. Nf5 ({Better is} 18. g3 $1 $14 Nxh3+ 19. Kg2) 18... Bxf5 $15 19. exf5 {[#] g3 is the strong threat.} Nd3 $1 {[%mdl 512]} 20. Bxd3 Rxd3 21. Be3 e4 22. Qg4 $132 {[%mdl 2048] White has counterplay} Qxg4 23. Nxg4 Bd6 24. Bxh6 gxh6 25. Nf6+ Kf8 {[#] aiming for ...Rd8.} 26. Nxe8 Kxe8 27. Rxe4+ Kf8 28. Rae1 Kg7 29. R4e3 (29. Kf1 $11) 29... Rd2 $17 {[%mdl 1024] Black has strong compensation.} 30. R1e2 Rd1+ 31. Re1 Rd2 32. R1e2 $1 {[%cal Re2d2]} Rd1+ 33. Re1 {Precision: White = 39%, Black = 49%.} 1/2-1/2

[Event "Your Next Move GCT 2018-Blitz"]
[Site "Leuven"]
[Date "2018.06.16"]
[Round "12"]
[White "Giri, Anish"]
[Black "Caruana, Fabiano"]
[Result "1/2-1/2"]
[WhiteElo "2799"]
[BlackElo "2818"]
[Annotator "TA"]
[PlyCount "110"]
[EventDate "2018.06.16"]
[EventType "tourn"]
[EventCountry "BEL"]
[SourceTitle "playchess.com"]
[Source "ChessBase"]
[SourceQuality "1"]

{[%evp 12,110,57,30,31,26,25,26,31,26,26,26,35,29,30,17,24,16,73,62,53,47,54,52,54,59,65,61,78,79,85,70,75,63,70,15,44,32,74,58,59,27,29,-12,-8,-12,-9,-25,-22,-10,0,0,0,0,0,0,0,0,0,0,8,-46,-46,-74,-76,-77,-61,-68,-50,-54,0,0,-6,-22,-20,-38,0,0,0,0,0,0,0,0,0,0,0,0,0,0,0,0,0,0,0,0,0,0,0,0,0]} 1. e4 c5 2. Nf3 e6 3. d4 cxd4 4. Nxd4 a6 5. Bd3 Bc5 6. Nb3 Bb6 7. O-O (7. Qg4 {is interesting.} Nf6 8. Qg3 d6 9. Nc3 Nc6 10. O-O) 7... Ne7 {B42: Sicilian: Kan Variation: 5 Bd3} 8. c4 d6 9. Nc3 O-O {White has an edge.} 10. Re1 $146 ({Predecessor:} 10. Kh1 e5 11. Qe2 Nbc6 12. Be3 Be6 13. Rfd1 Rc8 14. Rac1 Nb4 15. Bb1 Bxc4 {0-1 (58) Valenti,G (2280)-Kekelidze,M (2516) Cannes 2006}) 10... Nbc6 11. Be3 e5 12. Qd2 Be6 13. Rad1 Bxe3 14. Rxe3 a5 (14... Qd7 $11) 15. Bf1 a4 16. Nc1 Nd4 17. N1e2 Nec6 18. Nb5 {[%cal Re2d4]} Bxc4 19. Nexd4 exd4 20. Rg3 Be6 21. Nxd4 Nxd4 22. Qxd4 {[%csl Gg3][%cal Rd4g7] [#]} g6 $1 23. a3 (23. Ra3 $14) 23... Qa5 24. Rc3 Rfd8 25. h3 Qe5 26. Rcd3 Rdc8 27. Rc3 Rxc3 28. bxc3 Bb3 29. Rd2 Rc8 30. c4 Qxd4 (30... Rc6 {looks sharper.} 31. Qa7 Qe7 32. Qa5 Bxc4 33. Qxa4 Qxe4 34. Qa8+ Kg7) 31. Rxd4 $11 {[%mdl 4096] Endgame KRB-KRB} Rc6 32. f4 Kf8 33. Kf2 Ke7 34. Ke3 Ba2 35. Bd3 Rb6 36. Bc2 (36. Rd5 $11) 36... Rb2 $15 37. Bxa4 Rxg2 {Hoping for ...Rg3+.} 38. e5 {[#]} dxe5 $1 39. fxe5 Rg3+ 40. Kf4 Rxh3 {...Bxc4! is the strong threat.} 41. Rd7+ Kf8 42. e6 $1 {[%cal Re6e7]} fxe6 43. Bb5 Bxc4 44. Bxc4 {Black must now prevent Kg5. KRB-KR. The position is equal.} Rh4+ 45. Ke5 {And now Bb3 would win.} Rxc4 46. Rxh7 $11 {KR-KR} b5 47. Rb7 g5 48. Kf6 {Rb8+ would kill now.} (48. Kxe6 {seems wilder.} Rd4 49. Rxb5) 48... Rf4+ (48... Ke8 {is more complex.} 49. Kxe6 Kd8 50. Rxb5) 49. Kxg5 Rf5+ 50. Kg4 Ke8 51. Ra7 Kd8 52. a4 bxa4 53. Rxa4 Ke7 54. Ra7+ Kf6 55. Ra8 Rg5+ {Precision: White = 78%, Black = 61%.} 1/2-1/2